| 000 | 00966nam1a2200289 i 4500 | ||
|---|---|---|---|
| 001 | RU\NLR\ONL1\8460 | ||
| 005 | 20260407071213.0 | ||
| 035 | _a(NLR Aleph) 010205590 | ||
| 090 |
_a10250153 _c10250153 |
||
| 100 | _a20050630g1940 d||y0rusy50 ca | ||
| 101 | 0 | _achm | |
| 102 | _aRU | ||
| 105 | _ay ||||||||| | ||
| 200 | 1 |
_aГеографи _fЛ. Г. Терехова дон В. Г. Эрдэли |
|
| 210 |
_aМ. _cУчпедгиз _d1940 |
||
| 215 | _d23 | ||
| 541 | 1 |
_aГеография _zrus |
|
| 606 | 0 |
_aГеография _91002053 _3RU\NLR\auth\6662461 |
|
| 686 | 1 | _aД82 я7 | |
| 700 | 1 |
_aТерехова _bЛ. Г. _gЛидия Григорьевна _4070 |
|
| 701 | 1 |
_4070 _7ca _8rus _aЭрдели _bВ. Г. _f1886-1968 _gВладимир Георгиевич _9268084 _3RU\NLR\AUTH\770268140 |
|
| 801 | 0 |
_aRU _bNLR _c20060504 _gPSBO |
|
| 852 |
_aNLR _jМар.г./3-642 |
||
| 852 |
_aNLR _bОНЛ |
||
| 942 | _cBOOK | ||